Responses for Show #6519 - Thursday, January 10, 2013

Kristin Morgan game 2.

Contestants

[<< previous game]

Natalie Hudson, an attorney and taiko drummer from Houston, Texas

Parker East, a performance artist from Tallahassee, Florida

Kristin Morgan, a strategic analyst for NASA from Huntsville, Alabama (whose 1-day cash winnings total $6,700)

[next game >>]

Jeopardy! Round responses

MOVIE TAGLINES
GEE! IT'S GEOLOGY
LETTER SECRET IDENTITIES
AMERICANA
VICTOR HUGO
WHERE IS THAT PLANET?
    $200 18
Jurassic Park

Parker
    $200 1
plateau

Parker
    $200 12
yen

Natalie
    $200 21
All-American

Parker
    $200 6
The Hunchback of Notre Dame

Natalie
    $200 7
Earth

Natalie
    $400 17
(Alex: Yes, and that was filmed right here on our lot.)

Men in Black

Natalie
    $400 2
volcanism

Parker
    $400 13
Best Foreign Film

Kristin
    $400 22
Lizzie Borden

Parker
    $400 14
Les Misérables

Natalie
    $400 8
Venus

Parker
    $600 19
(Parker: Mmm.)
...
(Alex: [*]. You got it, yes. Parker was struggling to come up with it.)

The Hangover

KristinParker
    $600 3
aquifer

Kristin
    $600 15
F major

Natalie
    $600 23
Thanksgiving

Parker
    $600 27
squid

Kristin
    $600 9
Mercury

Natalie
    $2,000 25
Erin Brockovich

Parker
    $800 4
Mariana Trench

Kristin
    $800 16
Los Angeles

Parker
    $800 24
(Kristin: What is North Carolina?)

New Jersey

Kristin
Triple Stumper
    $800 28
Arc de Triomphe

Kristin
    $800 10
Mars

Parker
    $1000 26
The Truman Show

Natalie
    $1000 5
geode

Kristin
    $1000 20
boron

Kristin
    $1000 30
(Parker: What is Nashville?)

Pigeon Forge

ParkerNatalie
    $1000 29
Académie Française

Natalie
    $1000 11
Jupiter

Parker

Scores at the first commercial break (after clue 15):

Kristin Parker Natalie
$2,800 $2,800 $2,200

Scores at the end of the Jeopardy! Round:

Kristin Parker Natalie
$5,000 $5,400 $5,600

Double Jeopardy! Round responses

HISTORICAL ONLINE CHECK-INS
CALL ME ISRAEL
POSSESSIVE BOOK TITLES
4-LETTER WORLD CAPITALS
2012 IN MEMORIAM
THE "WARD" OF THE DAY
(Alex: "W-A-R-D" coming up in each correct response.)
    $400 1
Paul Revere

Kristin
    $400 25
Hawaii

Parker
    $400 13
Hornet

Kristin
    $400 8
Kiev

Kristin
    $400 3
(Parker: Who is Whitney Houston?)
(Kristin: Who is Diana Ross?)

Donna Summer

KristinParker
Triple Stumper
    $400 20
homeward

Parker
    $2,000 2
(Alex: "My horse--my kingdom for a horse." Right. $7,400.)

Richard III

Kristin
    $800 26
(Alex: ...with less than a minute to go.)

Ira Gershwin

Kristin
    $800 15
Ahab

Parker
    $800 9
Lima

Kristin
    $800 4
Phyllis Diller

Kristin
    $800 21
coward

Kristin
    $1200 14
(Parker: Who is Huerta?)
(Kristin: Who is Zapata?)
(Natalie: Who is Juárez?)

Pancho Villa

KristinParkerNatalie
Triple Stumper
    $1200 27
Bunker Hill

Parker
    $1200 16
Handmaid

Natalie
    $1200 10
Bern

Natalie
    $1200 5
Dick Clark

Kristin
    $1200 22
(Parker: Seward?)

windward

ParkerNatalie
    $1600 19
(Parker: Ooh. Who is Mao Zedong?)

Chiang Kai-shek

ParkerNatalie
    $1600 28
Reuter

Natalie
    $1600 17
Sarah

Triple Stumper
    $1600 11
Togo

Parker
    $1600 6
Marvin Hamlisch

Triple Stumper
    $1600 23
(Natalie: What is forward?)

straightforward

Natalie
Triple Stumper
    $2000 29
Xerxes

Parker
    $2000 30
Hasidism

Parker
    $2000 18
Omnivore

Parker
    $5,000 12
Fiji

Parker
    $2000 7
Davy Jones

Triple Stumper
    $2000 24
wine steward

Kristin

Scores at the end of the Double Jeopardy! Round:

Kristin Parker Natalie
$13,000 $16,400 $9,600

[wagering suggestions for these scores]

Final Jeopardy! Round responses

LEGAL TERMS
(Alex: If you knew the French word for "truth" was vérité, it might have helped you.)
...
(Alex: [Chuckles] Ooh. And that puts you in a tie with Kristin, and that means you two are co-champions and you will both return to play again to wrap up the week on Jeopardy! tomorrow.)
NatalieWhat is voir dire?
$3,401
KristinWhat is roll call
$6,201
ParkerWhat is nol gu
$9,601
verdict

Final scores:

Kristin Parker Natalie
$6,799 $6,799 $6,199
2-day co-champion: $13,499 New co-champion: $6,799 2nd place: $2,000

Game dynamics:

Coryat scores:

Kristin Parker Natalie
$11,800 $12,200 $9,600
18 R
(including 1 DD),
3 W
20 R
(including 2 DDs),
6 W
15 R,
2 W

Combined Coryat: $33,600

[game clues] [game scores] [suggest correction]

Game tape date: 2012-10-15
The J! Archive is created by fans, for fans. Scraping, republication, monetization, and malicious use prohibited; this site may use cookies and collect identifying information. See terms. The Jeopardy! game show and all elements thereof, including but not limited to copyright and trademark thereto, are the property of Jeopardy Productions, Inc. and are protected under law. This website is not affiliated with, sponsored by, or operated by Jeopardy Productions, Inc. Join the discussion at JBoard.tv.